Eurovision Song Lyrics - Luxembourg - Statistics

General Stats
  • This quiz has been taken 28 times
  • The average score is 198 of 401
Answer Stats
Answer % Correct
a
100%
à
100%
fighter
96%
I
96%
will
96%
you
96%
You
96%
le
92%
Le
92%
never
92%
let
88%
your
88%
Come,
84%
comme
84%
know
84%
down
80%
you're
76%
je
68%
Tu
68%
tu
68%
Hear
64%
heart
60%
Et
56%
et
56%
Hold
56%
la
56%
56%
au
52%
love
52%
où?
52%
plus
52%
De
48%
de
48%
loin,
48%
loin
48%
répète
48%
T'as
48%
va
48%
And
44%
ans
44%
in
44%
ma
44%
mais
44%
me
44%
the
44%
vas
44%
Vas
44%
voilà
44%
voix
44%
voix,
44%
20
40%
around
40%
Cette
40%
cette
40%
dreams
40%
sa
40%
temps
40%
chant
36%
dit
36%
est
36%
faire
36%
petite
36%
Qui
36%
qui
36%
sais
36%
sirène
36%
fête
32%
J'avoue,
32%
j'avoue
32%
j'entends
32%
of
32%
que
32%
so
32%
tête?
32%
tête
32%
tout
32%
Ah
28%
ahh…
28%
are
28%
ça
28%
choix
28%
des
28%
fois
28%
Nan
28%
Pas
28%
pas
28%
rien
28%
sound
28%
bas
24%
dans
24%
Droit
24%
droit
24%
folle
24%
l'enfant
24%
Look
24%
Not
24%
toi
24%
ton
24%
up
24%
vers
24%
viens
24%
complètement
20%
d'argent
20%
destin
20%
en
20%
Faut
20%
fears
20%
J'finirai
20%
just
20%
monde
20%
near
20%
quoi
20%
They
20%
vraiment
20%
combats
16%
conquête
16%
elle
16%
Elle
16%
main
16%
open
16%
Pars
16%
prends
16%
s'en
16%
Allez
12%
Crois
12%
défaite
12%
d'élan
12%
D'rester
12%
Mène
12%
revient,
12%
t'emmène
12%
Vas-y
12%
freines
8%
J'veux
8%
foiѕ
0%
J'finirаi
0%
No matching quizzes found
Score Distribution
Percent of People with Each Score
Percentile by Number Answered
Your Score History
You have not taken this quiz